|
|
|
|
| LEADER |
01495nam a2200301 a 4500 |
| 001 |
1034639 |
| 008 |
091124s1989 enka b 101 0 eng d |
| 010 |
|
|
|a \\\89000725
|
| 020 |
|
|
|a 0521373514
|
| 040 |
|
|
|a DLC
|c DLC
|d DLC
|
| 082 |
0 |
0 |
|a 330.956
|2 19
|
| 111 |
2 |
|
|a Giorgio Levi Della Vida Conference
|n (10th :
|d 1985 :
|c University of California, Los Angeles)
|
| 245 |
1 |
4 |
|a The modern economic and social history of the Middle East in its world context :
|b [Tenth Giorgio Levi Della Vida Biennial Conference] /
|c edited by Georges Sabagh.
|
| 260 |
|
|
|a Cambridge [England] ;
|a New York :
|b Cambridge University Press,
|c 1989.
|
| 300 |
|
|
|a 161 p. :
|b ill. ;
|c 22 cm.
|
| 490 |
0 |
|
|a Giorgio Levi Della Vida conferences ;
|v 10th conference
|
| 500 |
|
|
|a Held May 3-5, 1985 at the Gustave E. von Grunebaum Center for Near Eastern Studies.
|
| 504 |
|
|
|a Includes bibliographies and index.
|
| 541 |
1 |
|
|e 00010962
|
| 651 |
|
0 |
|a Middle East
|x Economic conditions
|x Congresses.
|
| 651 |
|
0 |
|a Middle East
|x Social conditions
|x Congresses.
|
| 650 |
|
0 |
|a Economic development
|x Congresses.
|
| 650 |
|
0 |
|a Social change
|x Congresses.
|
| 700 |
1 |
|
|a Sabagh, Georges.
|
| 710 |
2 |
|
|a Gustave E. von Grunebaum Center for Near Eastern Studies.
|
| 852 |
4 |
|
|a Ayesha Abed Library
|j General shelf
|
| 999 |
|
|
|c 5843
|d 5843
|
| 952 |
|
|
|0 0
|1 0
|2 ddc
|4 0
|6 330_956000000000000_MOD_1989
|7 0
|9 5820
|a BRACUL
|b BRACUL
|c GEN
|d 2009-12-02
|g 0.00
|l 1
|o 330.956 MOD
|p 3010010962
|r 2012-01-31
|s 2012-01-23
|t 1
|w 2009-12-02
|y BK
|x No price found in the accession register.
|